Principles and practice of single implant and restoration (Record no. 32492)

MARC details
000 -LEADER
fixed length control field 00793nam a2200193 a 4500
008 - FIXED-LENGTH DATA ELEMENTS--GENERAL INFORMATION
fixed length control field 191202s2014 ||||||||||||||||| || u
020 ## - INTERNATIONAL STANDARD BOOK NUMBER
International Standard Book Number 9781455744763
050 ## - LIBRARY OF CONGRESS CALL NUMBER
Classification number RK 667 Tor
100 ## - MAIN ENTRY--PERSONAL NAME
Personal name Torabinejad, Mahmoud
245 10 - TITLE STATEMENT
Title Principles and practice of single implant and restoration
Statement of responsibility, etc. By Mahmoud Torabinejad ; Mohammad A. Sabeti ; Charles J. Goodacre
260 ## - PUBLICATION, DISTRIBUTION, ETC.
Place of publication, distribution, etc. Missouri
Name of publisher, distributor, etc. Elsevier Saunders
Date of publication, distribution, etc. 2014
300 ## - PHYSICAL DESCRIPTION
Extent xviii, 200 pages : illustrations
350 ## -
-- 0.00
650 ## - SUBJECT ADDED ENTRY--TOPICAL TERM
Topical term or geographic name entry element FILLINGS (DENTISTRY)
650 #0 - SUBJECT ADDED ENTRY--TOPICAL TERM
Topical term or geographic name entry element DENTAL IMPLANTS
700 ## - ADDED ENTRY--PERSONAL NAME
Personal name Sabeti, Mohammad A
700 ## - ADDED ENTRY--PERSONAL NAME
Personal name Goodacre, Charles J
995 ## -
-- MICHAEL CHILUFYA SATA OPEN ACCESS
-- 904539
-- CBU-SCHOOL OF MEDICINE LIBRARY (Ndola)
-- 0.00
-- RK 667 Tor
-- 1
-- AVAILABLE
-- Dec 5, 2019
-- 904539
-- Main Library Open Access Collection
999 ## -
-- 32492
-- 32492
Holdings
Withdrawn status Lost status Source of classification or shelving scheme Damaged status Not for loan Permanent Location Current Location Shelving location Date acquired Total Checkouts Full call number Barcode Date last seen Price effective from Koha item type
          CBU-SCHOOL OF MEDICINE LIBRARY, NDOLA. CBU-SCHOOL OF MEDICINE LIBRARY, NDOLA.   11/30/2022   RK 667 Tor 904539 11/30/2022 11/30/2022 MONOGRAPH